000
00281nam a2200121 a 4500
001
4140
005
20140414131956.0
008
090218s19uu xx 00 eng d
050
_a
TR 551.57
_b
G65 2005
100
_a
Gordon, Sharon
245
_a
Wet/dry. Starter 2.
999
_c
112922
_d
112922